|
|
|
|
| LEADER |
01447nam a2200313 a 4500 |
| 001 |
6790 |
| 003 |
BD-DhAAL |
| 005 |
20151210145043.0 |
| 008 |
151210s2001 bg b 000 0 beno |
| 010 |
|
|
|a 2002289934
|
| 020 |
|
|
|a 9847760950
|
| 040 |
|
|
|a DLC
|c DLC
|d BD-DhAAL
|
| 050 |
0 |
0 |
|a GT4876.A2
|b P34 2001
|
| 082 |
|
|
|a 954/.14
|
| 245 |
0 |
0 |
|a পহেলা বৈশাখ বাঙলি ঐতিহ্যের বাহক /
|c সম্পাদনায়, আনু মাহমুদ.
|
| 260 |
|
|
|a ঢাকা:
|b ঐতিহ্য,
|c ২০০১.
|
| 300 |
|
|
|a ৪৩১ পৃ. ;
|c ২২ সে.মি.
|
| 504 |
|
|
|a Includes bibliographical references.
|
| 520 |
|
|
|a Articles chiefly on Bengali new year and folk festivals related to it; includes articles on Bengali folk culture.
|
| 541 |
|
|
|e 6790
|
| 546 |
|
|
|a In Bengali.
|
| 650 |
|
0 |
|a Folk festivals
|z India
|z Bengal.
|9 16755
|
| 650 |
|
0 |
|a Bengali (South Asian people)
|v Folklore.
|9 16756
|
| 651 |
|
0 |
|a Bengal (India)
|x Social life and customs.
|9 16757
|
| 700 |
1 |
|
|a Māhamuda, Ānu.
|9 16758
|
| 942 |
|
|
|2 ddc
|c BK
|
| 999 |
|
|
|c 36384
|d 36384
|
| 952 |
|
|
|0 0
|1 0
|2 ddc
|4 0
|6 954_000000000000000__14_PAH
|7 0
|9 57223
|a SCL
|b SCL
|c GEN
|d 2015-12-10
|g 400.00
|l 6
|m 3
|o 954.14 PAH
|p 3020006790
|r 2025-08-28
|s 2025-08-20
|t 1
|w 2015-12-10
|y BK
|
| 952 |
|
|
|0 0
|1 0
|2 ddc
|4 0
|6 954_000000000000000__14_PAH
|7 0
|9 58365
|a SCL
|b SCL
|c GEN
|d 2016-03-14
|g 400.00
|l 8
|m 3
|o 954.14 PAH
|p 3020006856
|r 2025-09-02
|s 2025-08-20
|t 2
|w 2016-03-14
|y BK
|